| 000 | 02643cam a2200313 a 4500 | ||
|---|---|---|---|
| 001 | 203739 | ||
| 003 | OSt | ||
| 005 | 20211125155030.0 | ||
| 008 | 990512s2000 maua b 001 0 eng | ||
| 010 | _a 99063448 | ||
| 020 | _a0072909994 (student ed.) | ||
| 040 |
_aDLC _cLC _dDLC |
||
| 050 | 0 | 0 | _aHG4026.B66(6e) |
| 082 | 0 | 0 |
_a658.15 _221 |
| 100 | 1 | _aBrealey, Richard A. | |
| 245 | 1 | 0 |
_aPrinciples of corporate finance. / _cRichard A. Brealey, Stewart C. Myers. |
| 250 | _a6th ed. | ||
| 260 |
_aBoston: _bIrwin/McGraw-Hill, _c2000. |
||
| 300 |
_axxvi, 1093 p. : _bill. (some col.) ; _c26 cm. |
||
| 440 | 4 | _aThe Irwin/McGraw-Hill series in finance, insurance, and real estate | |
| 500 | _aIncludes a CD-ROM. | ||
| 504 | _aIncludes bibliographical references and index. | ||
| 505 | _aContents: 1. Value: Finance and the financial manager -- Present value and the cost of capital -- How to calculate present values -- The value of common stocks -- Why net present value leads to better investment decisions than other criteria -- Making investment decisions with the net present value rule -- 2. Risk: Introduction to risk, return and the opportunity cost of capital -- Risk and return -- Capital budgeting and risk -- 3. Practical problems in capital budgeting: A Project is not a black box -- Where positive net present values come from -- Making sure managers maximize NPV -- 4. Financing decisions and market efficiency: Corporate financing and the six lessons of market efficiency -- An overview of corporate financing -- How corporations issue securities 5. Dividend policy and capital structure: The Dividend controversy -- Does debt policy matter -- How much should a firm borrow -- Financing and valuation -- 6. Options: Spotting and valuing options -- Real options -- Warrants and convertibles -- 7. Debt financing: Valuing debt -- The many different kinds of debt -- Leasing -- 8. Risk management: Managing risk -- Managing international risks -- 9. Financial planning and short-term financial management: Financial analysis and planning -- Short-term financial planning -- Credit management -- Cash management -- Short-term lending and borrowing -- 10. Mergers, corporate control and governance: Mergers -- Control, governance and financial architecture -- 11. Conclusions: Conclusion: what we do and do not know about finance -- | ||
| 650 | 0 |
_aCorporations _xFinance. |
|
| 700 | 1 | _aMyers, Stewart C. | |
| 906 |
_a7 _bcbc _corignew _d1 _eopcn _f19 _gy-gencatlg |
||
| 942 |
_2lcc _cBK |
||
| 999 |
_c8128 _d15628 |
||